[Event "POL-ch U10"]
[Site "Jastrzebia Gora"]
[Date "2022.03.13"]
[Round "6"]
[White "Pieszko, Antoni"]
[Black "Gibala, Adam"]
[Result "1/2-1/2"]
[WhiteElo "1097"]
[BlackElo "1507"]
[PlyCount "69"]
[EventDate "2022.03.08"]
[EventType "swiss"]
[EventRounds "9"]
[EventCountry "POL"]
[SourceTitle "EXT 2023"]
[Source "ChessBase"]
[SourceDate "2022.10.05"]
[SourceVersion "1"]
[SourceVersionDate "2022.10.05"]
[SourceQuality "1"]

1. e4 c5 2. Nf3 e6 3. d4 cxd4 4. Nxd4 Nf6 5. Bd3 Nc6 6. Nxc6 bxc6 7. Nc3 e5 8. 0-0 Be7 9. Kh1 0-0 10. f4 d6 11. fxe5 dxe5 12. h3 Be6 13. Be3 Qd7 14. Qf3 Qc7 15. Ne2 c5 16. c4 Rfd8 17. Rad1 Rd7 18. b3 Rad8 19. Bc2 Qb7 20. Rxd7 Rxd7 21. Nc3 Qa6 22. Bb1 Qc6 23. Nd5 Bxd5 24. exd5 Qd6 25. Qf5 g6 26. Qf3 Kg7 27. g4 Bd8 28. h4 Bc7 29. Rf2 h5 30. Bxc5 Qa6 31. gxh5 Nxh5 32. Bxg6 fxg6 33. Qf8+ Kh7 34. Rf7+ Rxf7 35. Qxf7+ 1/2-1/2

[Event "POL-ch U10"]
[Site "Jastrzebia Gora"]
[Date "2022.03.08"]
[Round "1"]
[White "Zawal, Krzysztof"]
[Black "Pieszko, Antoni"]
[Result "1-0"]
[WhiteElo "1354"]
[BlackElo "1097"]
[PlyCount "57"]
[EventDate "2022.03.08"]
[EventType "swiss"]
[EventRounds "9"]
[EventCountry "POL"]
[SourceTitle "EXT 2023"]
[Source "ChessBase"]
[SourceDate "2022.10.05"]
[SourceVersion "1"]
[SourceVersionDate "2022.10.05"]
[SourceQuality "1"]

1. e4 c5 2. Nf3 e6 3. d4 cxd4 4. Nxd4 Nc6 5. Nc3 Nf6 6. Nxc6 bxc6 7. e5 Nd5 8. Ne4 Qc7 9. f4 Bb4+ 10. c3 Ba5 11. Nd6+ Ke7 12. Qh5 g6 13. Qh4+ f6 14. Bc4 Rf8 15. Qxh7+ Kd8 16. Qg7 Re8 17. Nxe8 Kxe8 18. Qxg6+ Kf8 19. exf6 d6 20. Qh6+ Kg8 21. g4 Nxc3 22. Bd2 Ne4 23. Qg6+ Kf8 24. Qxe4 Bxd2+ 25. Kxd2 d5 26. Qe5 Qa5+ 27. Ke2 Qb4 28. Bd3 Rb8 29. a3 1-0